Communes les plus peuplées du Tarn - Statistiques

Statistiques générales
  • Ce quiz a été pris 107 fois
  • Le résultat moyen est 7 sur 10
Statistiques - réponses
Habitants (2019) Ville % Correct
48 902 Albi
100%
42 079 Castres
94%
15 265 Gaillac
84%
9 782 Carmaux
76%
10 879 Lavaur
76%
12 844 Graulhet
73%
9 996 Mazamet
67%
9 336 Saint-Sulpice-la-Pointe
57%
6 694 Saint-Juéry
47%
6 506 Labruguière
19%
Aucun quiz correspondant
Distribution des résultats
% des personnes avec chaque résultat
Percentile par nombre de réponses
Votre historique - résultats
Vous n’avez pas pris ce quiz